The story of Elsa. (Record no. 76)

MARC details
000 -LEADER
fixed length control field 00721cam a22002531 4500
005 - DATE AND TIME OF LATEST TRANSACTION
control field 20260322212005.0
008 - FIXED-LENGTH DATA ELEMENTS--GENERAL INFORMATION
fixed length control field data
010 ## - LIBRARY OF CONGRESS CONTROL NUMBER
LC control number 66049540
040 ## - CATALOGING SOURCE
Original cataloging agency DLC
Transcribing agency Wa
Modifying agency DLC
043 ## - GEOGRAPHIC AREA CODE
Geographic area code f-ke---
050 00 - LIBRARY OF CONGRESS CALL NUMBER
Classification number QL737.C2
Item number A415 1966a
082 00 - DEWEY DECIMAL CLASSIFICATION NUMBER
Classification number 599.74428
001 - CONTROL NUMBER
control field data
100 1# - MAIN ENTRY--PERSONAL NAME
Personal name Adamson, Joy.
245 14 - TITLE STATEMENT
Title The story of Elsa.
Statement of responsibility, etc. Joy Adamson.
260 ## - PUBLICATION, DISTRIBUTION, ETC.
Place of publication, distribution, etc. New York,
Name of publisher, distributor, etc. Pantheon Books
Date of publication, distribution, etc. [1966]
300 ## - PHYSICAL DESCRIPTION
Extent 318 p.
Other physical details illus., maps, ports.
Dimensions 25 cm.
500 ## - GENERAL NOTE
General note "A Helen and Kurt Wolff book."--Dust jacket.
500 ## - GENERAL NOTE
General note Condensed from the author's Born free, Living free, and Forever free.
650 #0 - SUBJECT ADDED ENTRY--TOPICAL TERM
Topical term or geographic name entry element Elsa (Lion)
650 #0 - SUBJECT ADDED ENTRY--TOPICAL TERM
Topical term or geographic name entry element Lions
Geographic subdivision Kenya
General subdivision Biography.
650 #0 - SUBJECT ADDED ENTRY--TOPICAL TERM
Topical term or geographic name entry element Lions
General subdivision Behavior.
650 #0 - SUBJECT ADDED ENTRY--TOPICAL TERM
Topical term or geographic name entry element Animal intelligence.
Holdings
Withdrawn status Lost status Damaged status Not for loan Home library Current library Shelving location Date acquired Total checkouts Full call number Barcode Date last seen Price effective from Koha item type
        Fairview Fairview General stacks 22/03/2026   599.74428 BC0010079 22/03/2026 22/03/2026 Books